| 000 | 00000nam 2200000zi 4500 |
| 001 | 9.922410 |
| 003 | CaOODSP |
| 005 | 20230811112326 |
| 006 | m o d f |
| 007 | cr bn||||||||| |
| 008 | 230508t20232023onc oz f000 0 fre d |
| 020 | |a9780660486031 |
| 040 | |aCaOODSP|bfre|erda|cCaOODSP |
| 041 | 0 |aeng|afre |
| 043 | |an-cn--- |
| 086 | 1 |aFR4-2019/31-PDF |
| 245 | 00|aEnvironment - Adjustments to the Montreal Protocol on Substances that Deplete the Ozone Layer = |bEnvironnement - Ajustements au Protocole de Montréal relatif à des substances qui appauvrissent la couche d'ozone. |
| 246 | 31|aEnvironnement - Ajustements au Protocole de Montréal relatif à des substances qui appauvrissent la couche d'ozone |
| 264 | 1|a[Ottawa] : |bTreaty Law Division of the Department of Foreign Affairs, Trade and Development = Direction du droit des traités du Ministère des affaires étrangères, du commerce et du développement, |c2023. |
| 264 | 4|a©2023 |
| 300 | |a1 ressource en ligne (1 volume (pagination multiple)). |
| 336 | |atexte|btxt|2rdacontent/fre |
| 337 | |ainformatique|bc|2rdamedia/fre |
| 338 | |aressource en ligne|bcr|2rdacarrier/fre |
| 490 | 1 |aTreaty series = |aRecueil des traités ; |v2019/31 |
| 500 | |a« Adoptés à Quito le 9 novembre 2018. En vigueur pour le Canada le 21 juin 2019. » |
| 500 | |aNumérotation répétée sur les pages suppléants. |
| 546 | |aTexte en anglais et en français. |
| 650 | 6|aEnvironnement (Droit international)|vLégislation. |
| 650 | 6|aHydrocarbures fluorés|xDroit|zCanada|vLégislation. |
| 651 | 6|aCanada|xRelations extérieures|xTraités. |
| 655 | 7|aTraiteĢs.|2rvmgf |
| 710 | 1 |aCanada. |bAffaires mondiales Canada. |bDirection du droit des traités, |eorganisme de publication. |
| 710 | 1 |aCanada, |eparticipant à un traité. |
| 791 | |tEnvironment - Adjustments to the Montreal Protocol on Substances that Deplete the Ozone Layer = |eeng|w(CaOODSP)9.922407 |
| 830 | #0|aCanada treaty series ;|v2019/31.|w(CaOODSP)9.811738 |
| 856 | 40|qPDF|s540 Ko|uhttps://publications.gc.ca/collections/collection_2023/amc-gac/FR4-2019-31.pdf |